000 00705cam a2200229u 4500
001 000026184
005 20200930024356.0
008 860227s1999 sp 000 |bspa
020 _a8479533188
040 _aDO-SdBNP
_cspa
_dBNPHU
041 _aspa
_heng
_2Código de idioma MARC
082 _axxx
_bM745h
100 1 _aMonk, Karyn,
_953192
240 0 4 _aThe witch and the warrior.
_lEspañol
245 1 0 _aHechicera /
_cKaryn Monk ; traducción Carmen Carmona Mencía.
250 _a2a ed.
260 _aBarcelona :
_bTitania,
_c1999.
300 _a330 p. ;
_c23 cm.
534 _aTítulo original :
_aThe witch and the warrior.
700 1 _aCarmona Mencía, Carmen ,
_etr.
_953193
049 _aBNGR
999 _c25676
_d25676